Love life for every married couple: (Record no. 14676)

000 -LEADER
fixed length control field 00679nam a2200217 a 4500
001 - CONTROL NUMBER
control field :::00012509$&:&@@
003 - CONTROL NUMBER IDENTIFIER
control field OkBaRHE
005 - DATE AND TIME OF LATEST TRANSACTION
control field 20000607103420.0
008 - FIXED-LENGTH DATA ELEMENTS--GENERAL INFORMATION
fixed length control field s1980 j 000 0 eng u
040 ## - CATALOGING SOURCE
Transcribing agency
100 1# - MAIN ENTRY--PERSONAL NAME
Personal name Wheat, Ed.
245 10 - TITLE STATEMENT
Title Love life for every married couple:
Remainder of title how to fall in love, stay in love, rekindle your love.
260 ## - PUBLICATION, DISTRIBUTION, ETC. (IMPRINT)
Place of publication, distribution, etc Grand Rapids, MI., :
Name of publisher, distributor, etc Zondervan Pub. House
Date of publication, distribution, etc c1980
300 ## - PHYSICAL DESCRIPTION
Extent 251 p. ;
Dimensions 20 cm.
650 ## - SUBJECT ADDED ENTRY--TOPICAL TERM
Topical term or geographic name as entry element Christian Life
650 ## - SUBJECT ADDED ENTRY--TOPICAL TERM
Topical term or geographic name as entry element Love
650 ## - SUBJECT ADDED ENTRY--TOPICAL TERM
Topical term or geographic name as entry element Marriage
650 ## - SUBJECT ADDED ENTRY--TOPICAL TERM
Topical term or geographic name as entry element Sex In Marriage
942 ## - ADDED ENTRY ELEMENTS (KOHA)
Source of classification or shelving scheme
Koha item type Books
Copies
Copy number Price effective from Permanent Location Shelving location Lost status Damaged status Koha item type Barcode Not for loan Date last seen Source of classification or shelving scheme Date acquired Withdrawn status Full call number
12010-04-14RHEMA Bible Training CollegeGeneral Stacks  Books12509 2010-04-14 2010-04-14 HQ 734 .W523